Maillots de Football les plus vendus en France en 2024 - Statistiques

Statistiques générales
  • Ce quiz a été pris 147 fois
  • Le résultat moyen est 12 sur 15
Statistiques - réponses
Continent Réponse % Correct
Europe France
99%
Europe Espagne
97%
Amérique du Sud Brésil
95%
Europe Portugal
94%
Europe Italie
93%
Europe Allemagne
92%
Afrique Maroc
91%
Europe Angleterre
90%
Europe Belgique
84%
Europe/Asie Turquie
83%
Europe Pays-Bas
81%
Afrique Sénégal
78%
Europe Pologne
69%
Europe Croatie
65%
Europe Albanie
30%
Aucun quiz correspondant
Distribution des résultats
% des personnes avec chaque résultat
Percentile par nombre de réponses
Votre historique - résultats
Vous n’avez pas pris ce quiz